| 000 | 00492nam a2200133Ia 4500 | ||
|---|---|---|---|
| 008 | 250506s9999 xx 000 0 und d | ||
| 024 | _a07A-019-CE, 07A-003-CE, 07A-018-CE & 05B-006-CE | ||
| 082 | _a005.44072 ISR | ||
| 100 | _aabdul Haseeb Israr, Jahanzeb Siddqui, Attaullah Noonari & Nabeel Ahmed | ||
| 245 | 0 | _aRemotely Installation of Linux Servers and Configuration | |
| 260 |
_aKarachi: _bUIT, _c2007 |
||
| 600 | _aComputer System Engineering | ||
| 650 | _aBachelor of Engineering (BE) | ||
| 999 |
_c27752 _d27752 |
||